• 首页
  • 本馆介绍
  • 公告通知
  • 最新文献
  • 馆藏检索
  • 电子资源
  • 读者导购
  • 参考咨询
  • 我的图书馆
  • 登录
  • 详细信息显示
  • 放入我的书架
  • 预约/预借图书
  • 作者相关作品
  • 分类相关作品
  • 丛书相关作品
  • 出版社相关作品

书目信息

  • 表格格式
  • 工作单格式
  • 卡片格式
题名:
刑法总论争议问题研究
    
 
作者: 郑泽善 著
分册:  
出版信息: 北京   北京大学出版社  2013.02
页数: 442页
开本: 24cm
丛书名:
单 册:
中图分类: D914.04
科图分类:
主题词: 刑法--研究--世界 , 刑法
电子资源:
ISBN: 978-7-301-22166-2
000 01155nam0 2200277 450
001 012013043666
005 20130608172815.45
010    @a978-7-301-22166-2@dCNY51.00
100    @a20130422d2013 ekmy0chiy0110 ea
101 0  @achi
102    @aCN@b110000
105    @ay z 000yy
106    @ar
200 1  @a刑法总论争议问题研究@9xing fa zong lun zheng yi wen ti yan jiu@dStudy of controversial issues of the general provisions of the criminal law@f郑泽善著@zeng
210    @a北京@c北京大学出版社@d2013.02
215    @a442页@d24cm
300    @a国家社科基金后期资助项目
330    @a本书的内容包括:被害者的承诺、行为论的意义与机能、客观处罚条件、中止犯的构造、正当防卫、原因自由行为论、结果加重犯、信赖的原则、主观违法要素、故意在犯罪论体系中的定位、故意与违法性认识的关系、过失犯、期待可能性、共犯的处罚根据、共犯的从属性与独立性等。
333    @a刑法研究人员及相关读者
510 1  @aStudy of controversial issues of the general provisions of the criminal law@zeng
606 0  @a刑法@x研究@y世界
606 0  @a刑法
690    @aD914.04@v5
701  0 @a郑泽善@9zheng ze shan@4著
801  0 @aCN@b人天书店@c20130422
905    @dD914.04@e469
    
    刑法总论争议问题研究=Study of controversial issues of the general provisions of the criminal law/郑泽善著.-北京:北京大学出版社,2013.02
    442页;24cm
    国家社科基金后期资助项目.-使用对象:刑法研究人员及相关读者
    
    ISBN 978-7-301-22166-2:CNY51.00
    本书的内容包括:被害者的承诺、行为论的意义与机能、客观处罚条件、中止犯的构造、正当防卫、原因自由行为论、结果加重犯、信赖的原则、主观违法要素、故意在犯罪论体系中的定位、故意与违法性认识的关系、过失犯、期待可能性、共犯的处罚根据、共犯的从属性与独立性等。
●
相关链接 在E读中查询图书 在五车中查询图书 在当当中查询图书 在豆瓣中查询图书


正题名:刑法总论争议问题研究     索取号:D914.04/469         预约/预借

序号 登录号 条形码 馆藏地/架位号 状态 备注
1 0545181   205451811   第一样本阅览室/ [索取号:D914.04/469] 在馆    
2 0545182   205451820   第一借阅区/ [索取号:D914.04/469] 在馆    
3 0545183   205451839   第一借阅区/ [索取号:D914.04/469] 在馆    
4 0545184   205451848   第一借阅区/ [索取号:D914.04/469] 在馆    
5 0545185   205451857   第一借阅区/ [索取号:D914.04/469] 在馆    
唐山师范学院图书馆 欢迎您!
大连网信软件有限公司© 版权所有